000 00760nam a2200217 a 4500
005 20210223125222.0
008 031110s1997 mx r 000 0 spa d
020 _a8482111345
035 _aUPN01000130838
049 _aI
050 4 _aND553 P5.3
_bS6.6
100 1 _aSpence, David
_935907
245 1 0 _aPicasso :
_buna revolución del arte /
_cDavid Spence ; tr. Rafael Fontes
260 _aMadrid :
_bCeleste,
_c1997.
300 _a31 p.
440 0 _aGrandes artistas ;
_v2
500 _a"Descubra el mundo de Picasso y de su obra, las fuentes de inspiración y su contribución a la historia del arte"
534 _pTraducción de:
_tGreat Artists : Picasso
600 1 4 _aPICASSO, PABLO,
_d1881-1973 -
_vLITERATURA JUVENIL
_923539
905 _aInfantil
999 _c102995
_d102995